Every City with a 50,000+ Seater Football Stadium in Europe - Statistics

General Stats
  • This quiz has been taken 6,034 times
  • The average score is 35 of 48
Answer Stats
Stadium(s) City % Correct
Camp Nou Barcelona
99%
Wembley Stadium, Olympic Stadium, Tottenham Hotspur Stadium, Emirates Stadium London
99%
Santiago Bernabeu, Metropolitano Stadium Madrid
99%
Stade de France Paris
99%
San Siro Milan
97%
Old Trafford, Etihad Stadium Manchester
96%
Allianz Arena, Olympiastadion Munich
96%
Johan Cruyff Arena Amsterdam
93%
Anfield Liverpool
93%
Parc Olympique Lyonnais Lyon
93%
Olympiastadion Berlin
90%
Stadio Olimpico Rome
90%
Luzhniki Stadium Moscow
89%
Signal Iduna Park Dortmund
88%
Estadio da Luz, Estadio Jose Alvalade Lisbon
87%
Celtic Park, Hampden Park, Ibrox Stadium Glasgow
86%
Stade Velodrome Marseille
86%
Stadio Diego Armando Maradona Naples
86%
Puskas Arena Budapest
85%
Ataturk Olympic Stadium, Nef Stadium Istanbul
84%
NSC Olimpiyskiy Kiev
80%
Estadio do Dragao Porto
80%
Olympic Stadium Athens
78%
St James' Park Newcastle
76%
Volksparkstadion Hamburg
75%
PGE Narodowy Warsaw
73%
De Kuip Rotterdam
71%
Deutsche Bank Park Frankfurt
70%
Krestovsky Stadium Saint Petersburg
69%
Estadio Benito Villamarin, Estadio Olímpico Seville
69%
Aviva Stadium Dublin
68%
Stadium Rajko Mitic Belgrade
66%
Ernst Happel Stadion Vienna
66%
King Baudouin Stadium Brussels
65%
Mercedes-Benz Arena Stuttgart
64%
Arena Nationala Bucharest
62%
RheinEnergieStadion Cologne
62%
Friends Arena Stockholm
60%
Borussia-Park Monchengladbach
58%
San Mames Bilbao
56%
Millennium Stadium Cardiff
55%
Donbass Arena Donetsk
54%
Stade Pierre-Mauroy Lille
49%
Merkur Spiel-Arena Dusseldorf
45%
Veltins-Arena Gelsenkirchen
37%
Max-Morlock-Stadion Nuremberg
32%
Stadio San Nicola Bari
24%
Silesian Stadium Chorzow
13%
No matching quizzes found
Score Distribution
Percent of People with Each Score
Percentile by Number Answered
Your Score History
You have not taken this quiz